<?xml version="1.0" encoding="UTF-8"?>
<collection xmlns="http://www.loc.gov/MARC21/slim">
    <record>
        <controlfield tag="001">98322</controlfield>
        <controlfield tag="005">20210127122325.0</controlfield>
        <datafield tag="024" ind1="8" ind2=" ">
            <subfield code="2">sideral</subfield>
            <subfield code="a">122039</subfield>
        </datafield>
        <datafield tag="037" ind1=" " ind2=" ">
            <subfield code="a">ART-2019-122039</subfield>
        </datafield>
        <datafield tag="041" ind1=" " ind2=" ">
            <subfield code="a">spa</subfield>
        </datafield>
        <datafield tag="100" ind1=" " ind2=" ">
            <subfield code="0">(orcid)0000-0003-0972-7831</subfield>
            <subfield code="a">Berbegal Vázquez, A.</subfield>
            <subfield code="u">Universidad de Zaragoza</subfield>
        </datafield>
        <datafield tag="245" ind1=" " ind2=" ">
            <subfield code="a">González, Jorge-Enrique (2018). Fenomenología y hermenéutica en la sociología contemporánea, Bogotá: Universidad Nacional de Colombia-Biblioteca Abierta</subfield>
        </datafield>
        <datafield tag="260" ind1=" " ind2=" ">
            <subfield code="c">2019</subfield>
        </datafield>
        <datafield tag="506" ind1="0" ind2=" ">
            <subfield code="a">Access copy available to the general public</subfield>
            <subfield code="f">Unrestricted</subfield>
        </datafield>
        <datafield tag="520" ind1="3" ind2=" ">
            <subfield code="a">Las revisiones fenomenológicas y hermenéuticas permiten una conservación histórica de la tradición de las ciencias comprensivas y una genealogía de los modos de interpretación aplicados en los procesos de explicacióncomprensión científica. En primer lugar, se pasará a justificar el valor de estas revisiones para la investigación educativa y, posteriormente, se abordará la recensión crítica de la lectura propuesta.
Justificación del interés para las ciencias de la educación
Cinco son las razones que hacen que las aportaciones de este libro sean pertinentes para los intereses de la investigación educativa: 
1) La fenomenología como estilo de interrogación de las prácticas. El trabajo pone en diálogo la fenomenología, la hermenéutica y la sociología, rescatando unos interlocutores clave: Alfred Schütz y sus discípulos. La finalidad de este diálogo se desvincula de los intereses de los cuatro primeros periodos del movimiento fenomenológico (transcendental, existencialista alemán y francés y hermenéutico) y se centra en el quinto y último periodos, el de una fenomenología de la actitud ...</subfield>
        </datafield>
        <datafield tag="540" ind1=" " ind2=" ">
            <subfield code="9">info:eu-repo/semantics/openAccess</subfield>
            <subfield code="a">by-nc</subfield>
            <subfield code="u">http://creativecommons.org/licenses/by-nc/3.0/es/</subfield>
        </datafield>
        <datafield tag="592" ind1=" " ind2=" ">
            <subfield code="a">0.419</subfield>
            <subfield code="b">2019</subfield>
        </datafield>
        <datafield tag="593" ind1=" " ind2=" ">
            <subfield code="a">Education</subfield>
            <subfield code="c">2019</subfield>
            <subfield code="d">Q2</subfield>
        </datafield>
        <datafield tag="655" ind1=" " ind2="4">
            <subfield code="a">info:eu-repo/semantics/review</subfield>
            <subfield code="v">info:eu-repo/semantics/publishedVersion</subfield>
        </datafield>
        <datafield tag="710" ind1="2" ind2=" ">
            <subfield code="1">4001</subfield>
            <subfield code="2">625</subfield>
            <subfield code="a">Universidad de Zaragoza</subfield>
            <subfield code="b">Dpto. Ciencias de la Educación</subfield>
            <subfield code="c">Área Métod.Invest.Diag.Educac.</subfield>
        </datafield>
        <datafield tag="773" ind1=" " ind2=" ">
            <subfield code="g">24, 82 (2019), 913-927</subfield>
            <subfield code="t">Revista Mexicana de Investigacion Educativa</subfield>
            <subfield code="x">1405-6666</subfield>
        </datafield>
        <datafield tag="856" ind1="4" ind2="1">
            <subfield code="u">https://dialnet.unirioja.es/descarga/articulo/7268790.pdf</subfield>
            <subfield code="z">Texto completo de la revista</subfield>
        </datafield>
        <datafield tag="856" ind1="4" ind2=" ">
            <subfield code="s">78628</subfield>
            <subfield code="u">http://zaguan.unizar.es/record/98322/files/texto_completo.pdf</subfield>
            <subfield code="y">Versión publicada</subfield>
        </datafield>
        <datafield tag="856" ind1="4" ind2=" ">
            <subfield code="s">1150800</subfield>
            <subfield code="u">http://zaguan.unizar.es/record/98322/files/texto_completo.jpg?subformat=icon</subfield>
            <subfield code="x">icon</subfield>
            <subfield code="y">Versión publicada</subfield>
        </datafield>
        <datafield tag="909" ind1="C" ind2="O">
            <subfield code="o">oai:zaguan.unizar.es:98322</subfield>
            <subfield code="p">articulos</subfield>
            <subfield code="p">driver</subfield>
        </datafield>
        <datafield tag="951" ind1=" " ind2=" ">
            <subfield code="a">2021-01-27-12:22:52</subfield>
        </datafield>
        <datafield tag="980" ind1=" " ind2=" ">
            <subfield code="a">ARTICLE</subfield>
        </datafield>
    </record>

    
</collection>